Kerana Di Kejar Hantu

Bibliographic Details
Main Author: Pulynoor
Format: Book
Published: Selangor : Pustaka Angsana , 1997
Series:Siri Membongkar Dunia Ghaib
Subjects:

MARC

LEADER 00000cam a2200000 7i4500
001 0000028109
005 20101111.0
008 081105 bm
020 |a 983021074X 
090 0 0 |a JF SIR 
100 1 |a Pulynoor 
245 1 0 |a Kerana Di Kejar Hantu   |c Pulynoor 
260 |a Selangor :   |b Pustaka Angsana ,   |c 1997 
300 |a 108P :   |b ill ;   |c 18.4cm. 
440 0 |a Siri Membongkar Dunia Ghaib 
650 0 0 |a Junior Fiction 
999 |a 113693   |b Buku   |c Rak Terbuka   |e Perbadanan Perpustakaan Awam Melaka 
999 |a 113694   |b Buku   |c Rak Terbuka   |e Perbadanan Perpustakaan Awam Melaka 
999 |a 65297   |b Buku   |c Koleksi Pinjaman Kanak-Kanak   |e Perbadanan Perpustakaan Awam Melaka 
999 |a 65304   |b Buku   |c Koleksi Pinjaman Kanak-Kanak   |e Perpustakaan Cawangan Jasin 
999 |a 65307   |b Buku   |c Koleksi Pinjaman Kanak-Kanak   |e Perbadanan Perpustakaan Awam Melaka 
999 |a 65308   |b Buku   |c Koleksi Pinjaman Kanak-Kanak   |e Perpustakaan Cawangan Merlimau